| 000 | 00787nam a22001815i 4500 | ||
|---|---|---|---|
| 001 | 162143 | ||
| 003 | ES-MaACL | ||
| 005 | 20250930063142.0 | ||
| 008 | 041102s1848 sp |||| | spa d | ||
| 040 |
_aCAM _bspa _cCAM |
||
| 100 | 0 |
_aPina, Mariano, _d1820-1883 _992066 |
|
| 245 | 1 | 0 |
_aEmbajador y hechicero _b: comedia de magia en tres actos y en verso / _coriginal en la parte literaria de Mariano Pina. |
| 260 |
_aGranada : _b[s.n., _c1848?.] ( _fImprenta de Benavides) |
||
| 300 |
_a93 p. ; _c19 p. |
||
| 596 | _aEl Palau fecha la obra en 1848 (226102) | ||
| 852 |
_aES-MaACL _jF-8584(8) _z-- Enc. pasta española _q-- Falto de la cub. original _z-- Enc. en un vol. facticio formando parte de la col. facticia "Teatro español moderno", vol. 37 |
||
| 999 |
_c162143 _d162143 |
||